01020nam a22002417a 4500999001700000003000900017008004100026040007100067082002400138100001900162245004400181260003600225300002800261505018700289650002900476650001600505650001900521700005700540700004600597942001600643945002100659952009800680 c17161d17161AR-CdUCM190507b ||||| |||| 00| 0 spa d aMUNICIPALIDAD PROVINCIAL DEL CUSCOcBIBLIOTECA MUNICIPAL DEL CUSCO 23ed.a895.36 /bR24 aRampa, Lobsang aEl Cordón de plata :bEl tercer ojo / aBuenos Aires :bTroquel,c1961. a256 páginas ;c20 cm. aContenido: Los dentados picos del Himalaya -- En las postrimerías del siglo -- El camino era polvoriento y lleno de pozos -- Tres soldados -- El automóvil continuó zumbando ... aNovelas tibetanas937019 aSiglo XX98 aLiteratura983 aRamírez de Burejson, Aurelia (traducción)937020 aBaldessari, Silvio (ilustración)937021 2ddccLIBROS aachld2019-05-07 002ddc4070aSHbSHcCARTd2019-05-07g40.00o895.36 / R24pSH0000012347r2019-05-07yLIBROS